000
00526nam a2200157Ia 4500
008
151213s9999 xx 000 0 und d
100
_a
বিভূতিভূষণের
245
_a
শ্রেষ্ঠ উপন্যাস।
_c
বিভূতিভূষণের
250
_a
১ম সং
260
_a
ঢাকা
_b
তোফাজ্জল হোসেন
_c
2008
300
_a
8330 p.
650
_a
Bangla
650
_a
উপন্যাস
700
_a
বিভূতিভূষণের
999
_c
4172
_d
4172